000 00250nam a2200121Ia 4500
100 _aJensin
942 _cBK
654 _amaterials
245 _aApplied Strength of materials
260 _bMcGraw Hill
_c2001
082 _a620.1
546 _aENGLISH
999 _c25358
_d25358